000 01577nam0a2200325 4500
001 RU\NLR\BIBL_A\011910111
005 20190205170226.0
010 _a978-5-00130-003-8
_9100
021 _aRU
_bКН-П-18-095066
_9КН-П-18-6897
035 _a(NLR Aleph) 011910111
035 _a(RuMoRGB)009836451
090 _a10931062
_c10931062
100 _a20190116d2018 u y0rusy50 ca
101 0 _arus
102 _aRU
105 _aa|||z|||000zy
200 1 _aКриминологическая виктимология
_eучебное пособие
_fП. А. Кабанов, Р. Р. Магизов
_gКазанский федеральный университет, Набережночелнинский институт
210 _aКазань
_cИзд-во Казан. ун-та
_d2018
215 _a117 с.
_cил.
_d21
300 _aНа 117-й с. авт.: Кабанов П.А. - д.ю.н., доц., проф., Магизов Р.Р. - к.ю.н., доц.
320 _aБиблиогр.: с. 98-115 (232 назв.) и в подстроч. примеч.
606 1 _aВиктимология
_yРоссийская Федерация
_jУчебные издания
_2nlr_sh1
_2nlr_sh2
_3RU\NLR\AUTH\661354925
610 0 _aвиктимология
686 1 _aХ628.3я7
700 1 _aКабанов
_bП. А.
_f1961-
_gПавел Александрович
_3RU\NLR\AUTH\770284038
701 1 _aМагизов
_bР. Р.
_gРустем Робертович
942 _cBOOK
980 _aNB